| 000 | 00575nam a2200181Ia 4500 | ||
|---|---|---|---|
| 005 | 20250923145840.0 | ||
| 008 | 008 250917s9999 xx 000 0 eng d | ||
| 037 | _aTextual | ||
| 040 |
_aDSWL _beng _cDSWL |
||
| 041 |
_aeng _2eng |
||
| 084 |
_aYX,1-m7.277, N88 _qDSWL |
||
| 100 |
_aCharyulu, U.V.N. _9839551 |
||
| 245 | 0 |
_aCase studies in public cooperation and voluntary action (A case study in Assam) _c by U.V.N. Charyulu |
|
| 260 |
_aHyderabad _bN.I.R.D. _c1988 |
||
| 300 | _a105p. | ||
| 942 |
_cTEXL _hYX,1-m7.277, N88 |
||
| 999 |
_c1456457 _d1456457 |
||